| 000 | 00609nam a22001817a 4500 | ||
|---|---|---|---|
| 005 | 20251108171942.0 | ||
| 008 | 250721s2003 xx 000 0 ara d | ||
| 082 | 1 | 4 | _a320.120956/دوي |
| 100 | 1 | _aالدويكات، قاسم | |
| 245 | 1 | 0 |
_aمشكلات الحدود السياسية في الوطن العربي : _bدراسة في جغرافيا السياسية / |
| 264 | 1 |
_aاربد : _bالمؤلف، _c2003. |
|
| 300 | _a314ص | ||
| 650 | 1 | 7 | _aالحدود الطبيعية |
| 650 | 1 | 7 | _aالوطن العربي |
| 650 | 1 | 7 | _aالحدود السياسية |
| 942 |
_2ddc _cBK |
||
| 999 |
_c66753 _d66753 |
||